Central Library OPAC University of Rajshahi

নিঃশব্দ নরকে / (Record no. 48356)

MARC details
000 -LEADER
fixed length control field 00829nam a22002417a 4500
001 - CONTROL NUMBER
control field 48356
003 - CONTROL NUMBER IDENTIFIER
rucl marc code BD-RjUL
005 - DATE AND TIME OF LATEST TRANSACTION
control field 20211209054516.0
008 - FIXED-LENGTH DATA ELEMENTS--GENERAL INFORMATION
fixed length control field 160813s1976 bg ||||| |||| 00| 0 ben d
020 ## - INTERNATIONAL STANDARD BOOK NUMBER
Terms of availability : TK 6.00
035 ## - SYSTEM CONTROL NUMBER
System control number (BD-RjUL) 48475
040 ## - CATALOGING SOURCE
Original cataloging agency BD-RjUL
Language of cataloging ben
Transcribing agency BD-RjUL
041 ## - LANGUAGE CODE
Language code of text/sound track or separate title ben
082 ## - DEWEY DECIMAL CLASSIFICATION NUMBER
Edition number 23
Classification number 842
Author mark and year SAN 1976
100 ## - MAIN ENTRY--PERSONAL NAME
Personal name সার্ত, জাঁপল
9 (RLIN) 146358
245 ## - TITLE STATEMENT
Title নিঃশব্দ নরকে /
Statement of responsibility, etc. জাঁপল সার্ত
260 ## - PUBLICATION, DISTRIBUTION, ETC. (IMPRINT)
Place of publication, distribution, etc. ঢাকা :
Name of publisher, distributor, etc. মুক্তধারা,
Date of publication, distribution, etc. ১৯৭৬
300 ## - PHYSICAL DESCRIPTION
Pagination ৮৬ পৃ. ;
Size ২১ সেমি.
650 ## - SUBJECT ADDED ENTRY--TOPICAL TERM
Topical term or geographic name as entry element ফ্রান্স নাটক
9 (RLIN) 146359
Topical term or geographic name as entry element French Drama
9 (RLIN) 146360
700 ## - ADDED ENTRY--PERSONAL NAME
Personal name রহমান, মুস্তাফিজুর, অনুবাদ
942 ## - ADDED ENTRY ELEMENTS (KOHA)
Source of classification or shelving scheme Dewey Decimal Classification
Koha item type Books
Holdings
Lost status Source of classification or shelving scheme Damaged status Not for loan Collection code Permanent Location Current Location Shelving location Date acquired Source of acquisition Cost, normal purchase price Total Checkouts Full call number Date last seen Copy number Koha item type
  Dewey Decimal Classification     Non-fiction Central Library, University of Rajshahi Central Library, University of Rajshahi   05/06/1983 Mukttodhara Dhaka 8.00   B 842 SAN 1976 13/08/2016 C-2 Books